Nommez ces joueurs de cricket - Statistiques

Statistiques générales
  • Ce quiz a été pris 22 fois
  • Le résultat moyen est 5 sur 12
Statistiques - réponses
Par images Réponse % Correct
Imran Khan
85%
Virat Kohli
85%
Sachin Tendulkar
75%
Brian Lara
60%
Kapil Dev
60%
Shane Warne
50%
Viv Richards
45%
Donald Bradman
40%
Garfield Sobers
15%
Ian Botham
10%
Jack Hobbs
5%
W. G. Grace
5%
Aucun quiz correspondant
Distribution des résultats
% des personnes avec chaque résultat
Percentile par nombre de réponses
Votre historique - résultats
Vous n’avez pas pris ce quiz